Score 0/20 Timer 03:00
0 Plays Today
Title Creature % Correct
Snow White and the Seven ______Dwarfs
97.9%
Angels & ____Demons
96.5%
How to Train Your ______Dragon
95.8%
The ____ of the OperaPhantom
93.9%
Tooth ____Fairy
93.3%
Clash of the ______Titans
92.8%
Harry Potter and the Order of the _______Phoenix
89.4%
The ____ of Girlfriends PastGhosts
88.2%
Interview with the _______Vampire
79%
An American ________ in LondonWerewolf
76%
Title Creature % Correct
_____'s BallMonster
62.8%
The Iron _____Giant
62.6%
The ______: An Unexpected JourneyHobbit
59%
The Little _______Mermaid
55%
________ 2: The New BatchGremlins
41.1%
___ and a Hard PlaceRoc
37%
The Last _______Unicorn
22.9%
________ II: The Other SidePoltergeist
19.1%
A _____ in Central ParkTroll
18%
A Very Unlucky __________Leprechaun
14.9%

Today's Daily Dose

Remove Ads.
Support Sporcle.
Get the best of Sporcle when you Go Orange. This ad-free experience offers more features, more stats, and more fun while also helping to support Sporcle. Thank you for becoming a member.

You're not logged in!

Compare scores with friends on all Sporcle quizzes.
OR
Log In

Show Comments

Extras

Top Quizzes Today


Score Distribution

Your Account Isn't Verified!

In order to create a playlist on Sporcle, you need to verify the email address you used during registration. Go to your Sporcle Settings to finish the process.

Report this User

Report this user for behavior that violates our Community Guidelines.

Details: